Statistiques concernant Pokémon PWT : Champions d'Unys

Cliquez ici pour prendre le quiz!

Statistiques générales

  • Ce quiz a été pris 118 fois
  • Le résultat moyen est 42 sur 84

Statistiques - réponses

IndiceRéponse% Correct
TcherenMastouffe
97%
RachidFeuiloutan
93%
ArtieManternel
93%
NoaFlotoutan
90%
ArmandoFlamoutan
90%
StryknaBrutapode
86%
IneziaEmolga
86%
ZhuHexagel
86%
BardaneMinotaupe
86%
AloéMiradar
86%
IneziaZéblitz
86%
CarolinaLakmecygne
83%
WatsonTranchodon
83%
CarolinaDéflaisan
79%
ZhuPolagriffe
79%
ArmandoAflamanoir
76%
AmanaMoyade
76%
WatsonTrioxhydre
76%
WatsonDrakkarmin
72%
BardaneCrocorible
69%
ArtieLançargot
69%
ArtieLimaspeed
69%
IneziaOhmassacre
69%
ZhuSorbouboul
69%
NoaBargantua
66%
BardaneCrapustule
66%
StryknaMiasmax
66%
ArtieCrabaraque
62%
ArmandoDarumacho
62%
ArtieFermite
62%
TcherenFrison
62%
AloéHaydaim
62%
IneziaLimonde
62%
AmanaMegapagos
62%
WatsonAltaria
59%
RachidFragilady
59%
RachidMaracachi
59%
CarolinaGueriaigle
59%
AmanaMamanbo
59%
CarolinaRhinolove
59%
CarolinaVaututrice
59%
CarolinaAéropteryx
55%
WatsonDrattak
55%
RachidNoacier
55%
StryknaGaulet
55%
IneziaMygavolt
55%
RachidFarfaduvet
52%
TcherenPashmilla
52%
ArmandoMaganon
48%
AmanaWailord
48%
BardaneGolemastoc
41%
WatsonLibegon
41%
BiancaBlizzaroi
34%
BiancaCoatox
34%
ZhuDimoret
34%
StryknaNostenfer
34%
BiancaSymbios
34%
ZhuKaimorse
31%
BardaneMammochon
31%
BiancaSiderella
31%
ArmandoArcanin
28%
AloéNanméouïe
28%
IneziaPharamp
28%
AmanaStaross
28%
ArtieApireine
24%
NoaRoigada
24%
ArmandoCamérupt
21%
AmanaDemanta
21%
StryknaDrascore
21%
ZhuLamantine
21%
AloéMélodelfe
21%
BiancaNidoqueen
21%
RachidCotovol
17%
AloéKangourex
17%
BiancaScalproie
17%
NoaAzumarill
14%
AloéInsolourdo
14%
BardaneKaorine
14%
NoaMusteflott
14%
NoaAkwakwak
10%
TcherenLockpin
7%
TcherenMangriff
7%
TcherenMorpheo
7%
StryknaSeviper
7%

Distribution des résultats

Percentile par nombre de réponses

% des personnes avec chaque résultat

Votre développement - résultats

Vous n’avez pas pris ce quiz